02569nam a2200289 a 450000100100000000500170001000800410002702000250006802000250009302000250011802000250014302000250016804000250019324501250021826000320034330000390037549000180041450502090043250503120064150503760095350503770132950504010170671000250210783000250213295201050215799900170226200003891720201002031423.0150130s2012 dr acd 000 0 spa d a9789945173758 (v. 1) a9789945173796 (v. 5) a9789945173802 (v. 6) a9789945173819 (v. 7) a9789945173826 (v. 8) aDO-SdBNPbspacBNPHU00aCiencias sociales :beducación básica /cfotografías Katy León [et.al]; ilustraciones Verónica Chaves [et.al]. aSanto Domingo :bSM,c2012. av. :bil., retrs., mapas ;c29 cm.1 aProyecto Sé0 gv. 1:tSoy especial--tTengo una familia--tMe gusta mi casa--tVoy al colegio--tCuido mi comunidad--tEl campo y la ciudad--tEl trabano es importante--tNuestro bello país--tLos símbolos patrios--0 gv. 5:tUn mundo de islas y continentes--tAmérica, nuestro continente--tEl espacio caribeño--tEl ser humano camina--tCivilizaciones antiguas--tUn recorrido por América--tEl mundo medieval--tEl encuentro de dos mundos--tColonización de América--tOrganización de la isla de Santo Domingo--0 gv. 6:tLa edad moderna, una nueva época--tConquista y colonización de América--tOrganización económica y social de América--tEl Caribe y los imperios europeos--tUna isla y dos naciones--tUna época de cambios--tAmérica en el siglo XVIII--tLa independencia de América--tEl camino a la Independencia Dominicana--tLas nuevas naciones de América--0 gv. 7:tLa etapa colonial--tLa isla a principios del siglo XIX--ltDe la ocupación haitiana a la independencia--tLa primera República--tRestauración de la República--tLiberalismo y dictadura--tMovimientos anticoloniales en las Antillas--tEconomía y sociedad en el siglo XIX--tModernización a fines del siglo XIX--tPensamiento y cultura--tCronología--0 gv. 8tLa República Dominicana a comienzos del siglo XX--tLa ocupación de Estados Unidos (1916-1924)--tLa dictadura de Trujillo--tConsolidación y crisis del régimen trujillista--tApertura democrática y Guerra de Abril--tLos doce años de Balaguer--tPor la senda de la democracia--tEl contexto caribeño y latinoamericano--tEl espacio y la economía--tPoblación y sociedad--2 aSM Dominicana965182 0aProyecto Sé922850 0010718PDaPDbPDcHDd2013-05-06iLF1l0o p38917-10r2020-06-25w2020-06-25yLFPDZNo se presta c38407d38407